[Event "Russian Rapid Championship (m)"]
[Site "Sochi"]
[Date "2022.10.15"]
[Round "4.16"]
[White "Faizrakhmanov, Ramil"]
[Black "Bryakin, Mikhail"]
[Result "0-1"]
[BlackElo "2369"]
[WhiteElo "2475"]
[LiveChessVersion "1.4.8"]

1. d4 {[%clk 0:15:19]} d5 {[%clk 0:15:18]} 2. c4 {[%clk 0:15:28]} e6
{[%clk 0:15:27]} 3. Nf3 {[%clk 0:15:37]} Nf6 {[%clk 0:15:30]} 4. Nc3
{[%clk 0:15:45]} c5 {[%clk 0:15:37]} 5. cxd5 {[%clk 0:15:53]} cxd4
{[%clk 0:15:45]} 6. Qxd4 {[%clk 0:16:01]} exd5 {[%clk 0:15:52]} 7. Bg5
{[%clk 0:16:08]} Be7 {[%clk 0:16:00]} 8. e3 {[%clk 0:16:16]} O-O {[%clk 0:16:06]}
9. Be2 {[%clk 0:16:24]} Nc6 {[%clk 0:16:13]} 10. Qd3 {[%clk 0:16:32]} h6
{[%clk 0:15:46]} 11. Bh4 {[%clk 0:16:39]} Be6 {[%clk 0:15:47]} 12. O-O
{[%clk 0:16:44]} Qb6 {[%clk 0:15:46]} 13. a3 {[%clk 0:16:31]} a6 {[%clk 0:14:45]}
14. b4 {[%clk 0:16:09]} Rfd8 {[%clk 0:14:51]} 15. Rfd1 {[%clk 0:15:45]} Rac8
{[%clk 0:12:45]} 16. h3 {[%clk 0:15:02]} Qa7 {[%clk 0:12:36]} 17. Rac1
{[%clk 0:14:39]} b5 {[%clk 0:12:10]} 18. Bg3 {[%clk 0:14:21]} Qb7
{[%clk 0:07:53]} 19. Ne5 {[%clk 0:12:05]} Nxe5 {[%clk 0:07:30]} 20. Bxe5
{[%clk 0:12:13]} Ne4 {[%clk 0:05:55]} 21. Qb1 {[%clk 0:12:09]} f6
{[%clk 0:05:33]} 22. Bd4 {[%clk 0:11:56]} Nd6 {[%clk 0:04:13]} 23. Bc5
{[%clk 0:11:44]} Nc4 {[%clk 0:04:21]} 24. Bxe7 {[%clk 0:11:51]} Qxe7
{[%clk 0:04:29]} 25. a4 {[%clk 0:11:34]} bxa4 {[%clk 0:03:40]} 26. Nxa4
{[%clk 0:11:34]} Bf7 {[%clk 0:03:40]} 27. Bf3 {[%clk 0:09:19]} Rb8
{[%clk 0:03:23]} 28. Nc3 {[%clk 0:09:19]} d4 {[%clk 0:01:56]} 29. exd4
{[%clk 0:09:00]} Qxb4 {[%clk 0:01:53]} 30. Qxb4 {[%clk 0:06:57]} Rxb4
{[%clk 0:02:01]} 31. d5 {[%clk 0:07:01]} a5 {[%clk 0:01:43]} 32. Na2
{[%clk 0:05:40]} Ra4 {[%clk 0:01:41]} 33. Rd4 {[%clk 0:04:32]} Nb6
{[%clk 0:01:30]} 34. Rxa4 {[%clk 0:04:37]} Nxa4 {[%clk 0:01:38]} 35. Rd1
{[%clk 0:03:51]} Kf8 {[%clk 0:01:26]} 36. Rd4 {[%clk 0:03:42]} Nc5
{[%clk 0:01:35]} 37. Nc3 {[%clk 0:03:42]} Be8 {[%clk 0:00:56]} 38. Rc4
{[%clk 0:03:37]} Nd3 {[%clk 0:00:58]} 39. Rc7 {[%clk 0:03:32]} Nb4
{[%clk 0:00:25]} 40. Ra7 {[%clk 0:03:28]} Rc8 {[%clk 0:00:34]} 41. Ne4
{[%clk 0:03:18]} Nxd5 {[%clk 0:00:30]} 42. Nd6 {[%clk 0:03:26]} Rc1+
{[%clk 0:00:19]} 43. Kh2 {[%clk 0:03:35]} Bc6 {[%clk 0:00:20]} 44. Rxa5
{[%clk 0:02:34]} Nb6 {[%clk 0:00:13]} 45. Bg4 {[%clk 0:01:13]} Bd7
{[%clk 0:00:13]} 46. Bxd7 {[%clk 0:01:05]} Nxd7 {[%clk 0:00:22]} 47. Ra7
{[%clk 0:01:14]} Ne5 {[%clk 0:00:13]} 48. Ra8+ {[%clk 0:01:10]} Ke7
{[%clk 0:00:21]} 49. Nf5+ {[%clk 0:01:19]} Kf7 {[%clk 0:00:22]} 50. Ra7+
{[%clk 0:01:27]} Kg6 {[%clk 0:00:28]} 51. Nxg7 {[%clk 0:01:27]} Rc2
{[%clk 0:00:23]} 52. f4 {[%clk 0:01:09]} Nf3+ {[%clk 0:00:27]} 53. Kg3
{[%clk 0:01:14]} Nd4 {[%clk 0:00:27]} 54. Ne8 {[%clk 0:00:57]} Nf5+
{[%clk 0:00:35]} 55. Kf3 {[%clk 0:00:33]} Rc3+ {[%clk 0:00:32]} 56. Kf2
{[%clk 0:00:41]} Rc2+ {[%clk 0:00:41]} 57. Kg1 {[%clk 0:00:50]} Re2
{[%clk 0:00:34]} 58. Ra8 {[%clk 0:00:36]} h5 {[%clk 0:00:18]} 59. Nc7
{[%clk 0:00:21]} Ne3 {[%clk 0:00:26]} 60. Rg8+ {[%clk 0:00:24]} Kf5
{[%clk 0:00:19]} 61. g4+ {[%clk 0:00:20]} hxg4 {[%clk 0:00:23]} 62. hxg4+
{[%clk 0:00:29]} Kxf4 {[%clk 0:00:28]} 63. Ra8 {[%clk 0:00:17]} Kf3
{[%clk 0:00:16]} 64. Ra1 {[%clk 0:00:24]} Rg2+ {[%clk 0:00:25]} 65. Kh1
{[%clk 0:00:33]} Rxg4 {[%clk 0:00:27]} 66. Ne6 {[%clk 0:00:33]} Re4
{[%clk 0:00:33]} 67. Nc5 {[%clk 0:00:32]} Rd4 {[%clk 0:00:29]} 68. Nb3
{[%clk 0:00:35]} Rd5 {[%clk 0:00:34]} 69. Rc1 f5 {[%clk 0:00:32]} 70. Nc5
{[%clk 0:00:19]} Rd6 {[%clk 0:00:28]} 71. Kg1 {[%clk 0:00:17]} Rg6+
{[%clk 0:00:35]} 72. Kh1 {[%clk 0:00:25]} Rd6 {[%clk 0:00:41]} 73. Kg1
{[%clk 0:00:32]} f4 {[%clk 0:00:47]} 74. Ra1 {[%clk 0:00:33]} Rd5
{[%clk 0:00:45]} 75. Ne6 {[%clk 0:00:40]} Rd2 {[%clk 0:00:38]} 76. Nxf4
{[%clk 0:00:34]} Kxf4 {[%clk 0:00:46]} 77. Ra8 {[%clk 0:00:35]} Rg2+
{[%clk 0:00:44]} 78. Kh1 {[%clk 0:00:45]} Rb2 {[%clk 0:00:41]} 79. Kg1
{[%clk 0:00:42]} Rg2+ {[%clk 0:00:44]} 80. Kh1 {[%clk 0:00:51]} Rg7
{[%clk 0:00:47]} 81. Kh2 {[%clk 0:00:53]} Nf1+ {[%clk 0:00:50]} 82. Kh3
{[%clk 0:00:50]} Ng3 {[%clk 0:00:38]} 83. Rf8+ {[%clk 0:00:46]} Nf5
{[%clk 0:00:47]} 84. Kh2 {[%clk 0:00:51]} Rg5 {[%clk 0:00:55]} 85. Rh8
{[%clk 0:00:43]} Kf3 {[%clk 0:01:02]} 86. Rh3+ {[%clk 0:00:39]} Kf2
{[%clk 0:01:08]} 87. Ra3 {[%clk 0:00:28]} Rh5+ {[%clk 0:01:17]} 88. Rh3
{[%clk 0:00:37]} Nh4 {[%clk 0:01:22]} 89. Kh1 {[%clk 0:00:46]} Ra5
{[%clk 0:01:22]} 90. Rxh4 {[%clk 0:00:48]} Kg3 {[%clk 0:01:32]} 0-1

[Event "Russian Rapid Championship (m)"]
[Site "Sochi"]
[Date "2022.10.15"]
[Round "4.17"]
[White "Gabdushev, Ruslan"]
[Black "Triapishko, Alexandr"]
[Result "1/2-1/2"]
[BlackElo "2471"]
[WhiteElo "2262"]
[LiveChessVersion "1.4.8"]

1. c4 {[%clk 0:15:17]} e5 {[%clk 0:15:09]} 2. Nc3 {[%clk 0:15:18]} Nf6
{[%clk 0:15:16]} 3. e4 {[%clk 0:15:02]} d6 {[%clk 0:13:32]} 4. g3
{[%clk 0:14:08]} g6 {[%clk 0:12:50]} 5. Bg2 {[%clk 0:14:09]} Bg7 {[%clk 0:12:58]}
6. Nge2 {[%clk 0:14:13]} O-O {[%clk 0:12:42]} 7. h3 {[%clk 0:13:53]} Nc6
{[%clk 0:09:51]} 8. d3 {[%clk 0:13:31]} Nd7 {[%clk 0:08:11]} 9. O-O
{[%clk 0:13:17]} Nc5 {[%clk 0:08:01]} 10. f4 {[%clk 0:11:40]} f5 {[%clk 0:06:30]}
11. Be3 {[%clk 0:10:48]} Nd4 {[%clk 0:03:30]} 12. Kh2 {[%clk 0:09:04]} c6
{[%clk 0:02:44]} 13. Qd2 {[%clk 0:08:32]} a5 {[%clk 0:02:32]} 14. Rae1
{[%clk 0:07:59]} a4 {[%clk 0:02:09]} 15. exf5 {[%clk 0:04:39]} Bxf5
{[%clk 0:01:18]} 16. Ne4 {[%clk 0:04:32]} Bxe4 {[%clk 0:00:48]} 17. dxe4
{[%clk 0:04:25]} Qa5 {[%clk 0:00:23]} 18. Rd1 {[%clk 0:03:28]} Qxd2
{[%clk 0:00:25]} 19. Rxd2 {[%clk 0:03:36]} Nxe2 {[%clk 0:00:21]} 20. Rxe2
{[%clk 0:03:45]} Ne6 {[%clk 0:00:17]} 21. f5 {[%clk 0:03:20]} Nd4
{[%clk 0:00:20]} 22. Ref2 {[%clk 0:03:29]} gxf5 {[%clk 0:00:13]} 23. exf5
{[%clk 0:03:38]} Bf6 {[%clk 0:00:15]} 24. g4 {[%clk 0:03:22]} Bh4
{[%clk 0:00:23]} 25. Rd2 {[%clk 0:03:31]} Kg7 {[%clk 0:00:22]} 26. Kg1
{[%clk 0:02:47]} h6 {[%clk 0:00:12]} 27. Bxd4 {[%clk 0:02:47]} exd4
{[%clk 0:00:21]} 28. Rxd4 {[%clk 0:02:56]} Bg3 {[%clk 0:00:14]} 29. Bf3
{[%clk 0:01:38]} Be5 {[%clk 0:00:13]} 30. Rd2 {[%clk 0:01:47]} Kf6
{[%clk 0:00:14]} 31. Kg2 {[%clk 0:01:49]} Ra6 {[%clk 0:00:13]} 32. Bd1
{[%clk 0:01:52]} Ra5 {[%clk 0:00:11]} 33. Rf3 {[%clk 0:01:39]} Rg8
{[%clk 0:00:14]} 34. Rfd3 {[%clk 0:01:38]} Rd8 {[%clk 0:00:16]} 35. Ra3
{[%clk 0:01:38]} Rda8 {[%clk 0:00:17]} 36. Kf3 {[%clk 0:01:34]} Kg5
{[%clk 0:00:13]} 37. Rad3 {[%clk 0:01:40]} Rd8 {[%clk 0:00:19]} 38. Re2
{[%clk 0:01:34]} 1/2-1/2

[Event "Russian Rapid Championship (m)"]
[Site "Sochi"]
[Date "2022.10.15"]
[Round "4.18"]
[White "Kalegin, Evgenij"]
[Black "Pridorozhni, Aleksei"]
[Result "0-1"]
[BlackElo "2538"]
[WhiteElo "2286"]
[LiveChessVersion "1.4.8"]

1. e4 {[%clk 0:15:17]} c5 {[%clk 0:14:55]} 2. Nf3 {[%clk 0:15:24]} e6
{[%clk 0:15:04]} 3. Nc3 {[%clk 0:15:32]} Nc6 {[%clk 0:15:12]} 4. Bb5
{[%clk 0:15:39]} Nd4 {[%clk 0:15:20]} 5. a4 {[%clk 0:15:45]} a6 {[%clk 0:15:14]}
6. Bc4 {[%clk 0:15:48]} Nxf3+ {[%clk 0:15:13]} 7. Qxf3 {[%clk 0:15:55]} Ne7
{[%clk 0:15:22]} 8. d3 {[%clk 0:15:19]} Nc6 {[%clk 0:15:28]} 9. Qd1
{[%clk 0:15:07]} Be7 {[%clk 0:15:03]} 10. O-O {[%clk 0:15:08]} O-O
{[%clk 0:15:10]} 11. f4 {[%clk 0:15:05]} d6 {[%clk 0:13:52]} 12. Rf3
{[%clk 0:13:52]} Bf6 {[%clk 0:13:43]} 13. Be3 {[%clk 0:12:59]} Bd4
{[%clk 0:13:11]} 14. Bxd4 {[%clk 0:12:23]} cxd4 {[%clk 0:13:18]} 15. Ne2
{[%clk 0:12:07]} d5 {[%clk 0:13:26]} 16. Bb3 {[%clk 0:11:57]} Kh8
{[%clk 0:13:18]} 17. Ng3 {[%clk 0:11:41]} f5 {[%clk 0:13:24]} 18. Qd2
{[%clk 0:11:04]} Qd6 {[%clk 0:13:24]} 19. Re1 {[%clk 0:10:54]} Bd7
{[%clk 0:13:31]} 20. Qf2 {[%clk 0:10:25]} Rac8 {[%clk 0:13:16]} 21. e5
{[%clk 0:10:12]} Qb4 {[%clk 0:13:13]} 22. Nh5 {[%clk 0:10:13]} Be8
{[%clk 0:13:12]} 23. Rh3 {[%clk 0:10:16]} Bxh5 {[%clk 0:13:16]} 24. Rxh5
{[%clk 0:10:24]} Rc7 {[%clk 0:13:18]} 25. Rf1 {[%clk 0:10:18]} Kg8
{[%clk 0:13:18]} 26. Rg5 {[%clk 0:08:35]} Na5 {[%clk 0:12:35]} 27. g4
{[%clk 0:08:36]} Rcf7 {[%clk 0:12:41]} 28. Qg3 {[%clk 0:05:56]} Qe7
{[%clk 0:12:44]} 29. Qf2 {[%clk 0:04:57]} Nc6 {[%clk 0:12:47]} 30. Qg2
{[%clk 0:03:41]} fxg4 {[%clk 0:12:24]} 31. Qxg4 {[%clk 0:03:41]} Qd7
{[%clk 0:12:01]} 32. Rf3 {[%clk 0:03:19]} Rf5 {[%clk 0:12:03]} 33. Rg3
{[%clk 0:02:53]} Rxg5 {[%clk 0:11:52]} 34. Qxg5 {[%clk 0:02:56]} Rf5
{[%clk 0:11:39]} 35. Qh4 {[%clk 0:02:27]} Qe7 {[%clk 0:11:29]} 36. Qxe7
{[%clk 0:01:59]} Nxe7 {[%clk 0:11:37]} 37. c4 {[%clk 0:01:34]} dxc3
{[%clk 0:11:43]} 38. bxc3 {[%clk 0:01:41]} Rxf4 {[%clk 0:11:35]} 39. d4
{[%clk 0:01:42]} b5 {[%clk 0:11:04]} 40. axb5 {[%clk 0:01:44]} axb5
{[%clk 0:11:13]} 41. Rd3 {[%clk 0:01:38]} Nf5 {[%clk 0:11:14]} 42. Kg2
{[%clk 0:01:36]} Kf7 {[%clk 0:11:02]} 43. Bd1 {[%clk 0:01:19]} Ke7
{[%clk 0:10:53]} 44. Be2 {[%clk 0:01:21]} b4 {[%clk 0:10:42]} 45. cxb4
{[%clk 0:01:28]} Nxd4 {[%clk 0:10:50]} 46. Bf1 {[%clk 0:01:27]} Nc2
{[%clk 0:10:06]} 47. Rg3 {[%clk 0:01:09]} Ne1+ {[%clk 0:09:47]} 48. Kg1
{[%clk 0:01:17]} Nf3+ {[%clk 0:09:54]} 49. Kg2 {[%clk 0:01:24]} Nxe5
{[%clk 0:09:59]} 50. Rxg7+ {[%clk 0:01:16]} Kd6 {[%clk 0:10:06]} 51. Rxh7
{[%clk 0:01:07]} Rxb4 {[%clk 0:10:14]} 52. h4 {[%clk 0:01:12]} Rb8
{[%clk 0:10:18]} 53. h5 {[%clk 0:01:11]} d4 {[%clk 0:10:12]} 54. h6
{[%clk 0:01:14]} Ng4 {[%clk 0:09:28]} 55. Be2 {[%clk 0:00:51]} Rb2
{[%clk 0:09:34]} 56. Rh8 {[%clk 0:00:22]} Nxh6 {[%clk 0:09:38]} 0-1

[Event "Russian Rapid Championship (m)"]
[Site "Sochi"]
[Date "2022.10.15"]
[Round "4.19"]
[White "Demidov, Mikhail"]
[Black "Truskavetsky, Alexandr"]
[Result "0-1"]
[BlackElo "2270"]
[WhiteElo "2488"]
[LiveChessVersion "1.4.8"]

1. Nc3 {[%clk 0:15:17]} d5 {[%clk 0:14:31]} 2. e4 dxe4 {[%clk 0:14:31]} 3. Nxe4
{[%clk 0:15:31]} Nf6 {[%clk 0:14:19]} 4. Nxf6+ {[%clk 0:15:05]} exf6
{[%clk 0:14:22]} 5. Bc4 {[%clk 0:14:55]} Be7 {[%clk 0:14:25]} 6. Ne2
{[%clk 0:14:04]} O-O {[%clk 0:14:27]} 7. O-O {[%clk 0:14:06]} c5 {[%clk 0:14:18]}
8. d4 {[%clk 0:14:03]} cxd4 {[%clk 0:14:11]} 9. Nxd4 {[%clk 0:13:49]} Qc7
{[%clk 0:12:01]} 10. Qe2 {[%clk 0:13:42]} a6 {[%clk 0:11:54]} 11. Bd3
{[%clk 0:13:32]} Bd6 {[%clk 0:11:45]} 12. Qh5 {[%clk 0:13:26]} g6
{[%clk 0:11:28]} 13. Qh4 {[%clk 0:13:34]} Nc6 {[%clk 0:09:10]} 14. Nf3
{[%clk 0:12:46]} Ne5 {[%clk 0:08:40]} 15. Bh6 {[%clk 0:10:37]} Nxf3+
{[%clk 0:05:25]} 16. gxf3 {[%clk 0:10:46]} Rd8 {[%clk 0:05:10]} 17. Rae1
{[%clk 0:06:59]} Be5 {[%clk 0:04:35]} 18. b3 {[%clk 0:07:00]} Bc3
{[%clk 0:04:00]} 19. Re4 {[%clk 0:06:55]} Be6 {[%clk 0:04:00]} 20. Qg3
{[%clk 0:05:04]} Qa5 {[%clk 0:03:42]} 21. Kh1 {[%clk 0:04:12]} f5
{[%clk 0:01:57]} 22. Ra4 {[%clk 0:04:11]} Qc5 {[%clk 0:02:02]} 23. Rh4
{[%clk 0:03:28]} Bf6 {[%clk 0:02:01]} 24. Bg5 {[%clk 0:00:46]} f4
{[%clk 0:02:03]} 25. Bxf4 {[%clk 0:00:55]} Bxh4 {[%clk 0:02:11]} 26. Qxh4
{[%clk 0:01:04]} Bf5 {[%clk 0:01:21]} 27. Bc4 {[%clk 0:00:38]} Qd4
{[%clk 0:01:05]} 28. Qe7 {[%clk 0:00:23]} Rf8 {[%clk 0:00:19]} 29. Be5
{[%clk 0:00:21]} Qb6 {[%clk 0:00:20]} 30. Qh4 {[%clk 0:00:21]} Qc6
{[%clk 0:00:17]} 31. Kg2 {[%clk 0:00:21]} h5 {[%clk 0:00:20]} 32. Bd5
{[%clk 0:00:19]} Qb6 33. Qg5 {[%clk 0:00:14]} Rae8 {[%clk 0:00:18]} 34. Re1
{[%clk 0:00:14]} Kh7 {[%clk 0:00:21]} 35. Qf4 {[%clk 0:00:14]} f6
{[%clk 0:00:15]} 36. Bd4 {[%clk 0:00:19]} Qd8 {[%clk 0:00:21]} 37. Rxe8
{[%clk 0:00:24]} Rxe8 {[%clk 0:00:29]} 38. Bxb7 {[%clk 0:00:24]} Qd7
{[%clk 0:00:27]} 39. Bxa6 {[%clk 0:00:19]} g5 {[%clk 0:00:28]} 40. Qd2
{[%clk 0:00:14]} Bh3+ {[%clk 0:00:35]} 41. Kg1 {[%clk 0:00:23]} Qxd4
{[%clk 0:00:44]} 0-1

[Event "Russian Rapid Championship (m)"]
[Site "Sochi"]
[Date "2022.10.15"]
[Round "4.20"]
[White "Yandarbiev, Ruslan"]
[Black "Iljin, Timofey"]
[Result "0-1"]
[BlackElo "2488"]
[WhiteElo "2232"]
[LiveChessVersion "1.4.8"]

1. d4 {[%clk 0:15:16]} d5 {[%clk 0:15:19]} 2. c4 {[%clk 0:15:22]} e6
{[%clk 0:15:28]} 3. Nc3 {[%clk 0:15:30]} Bb4 {[%clk 0:15:37]} 4. Qa4+
{[%clk 0:15:30]} Nc6 {[%clk 0:15:45]} 5. cxd5 {[%clk 0:14:29]} exd5
{[%clk 0:15:53]} 6. Nf3 {[%clk 0:14:38]} Nf6 {[%clk 0:15:58]} 7. Bg5
{[%clk 0:14:02]} h6 {[%clk 0:16:06]} 8. Bxf6 {[%clk 0:13:57]} Qxf6
{[%clk 0:16:15]} 9. e3 {[%clk 0:14:05]} O-O {[%clk 0:16:12]} 10. Be2
{[%clk 0:14:13]} Bf5 {[%clk 0:15:53]} 11. O-O {[%clk 0:14:17]} Rfd8
{[%clk 0:14:54]} 12. Qb3 {[%clk 0:13:16]} Qd6 {[%clk 0:14:26]} 13. a3
{[%clk 0:12:49]} Bxc3 {[%clk 0:14:22]} 14. Qxc3 {[%clk 0:12:57]} Ne7
{[%clk 0:14:01]} 15. Rac1 {[%clk 0:12:16]} c6 {[%clk 0:13:46]} 16. Ne5
{[%clk 0:12:03]} a5 {[%clk 0:13:33]} 17. Bd3 {[%clk 0:10:08]} a4 {[%clk 0:13:27]}
18. Qc2 {[%clk 0:10:02]} Qf6 {[%clk 0:13:05]} 19. Rfd1 {[%clk 0:09:37]} Bxd3
{[%clk 0:11:26]} 20. Nxd3 {[%clk 0:09:43]} b6 {[%clk 0:11:28]} 21. Nb4
{[%clk 0:08:17]} Rd6 {[%clk 0:10:49]} 22. Rd3 {[%clk 0:07:49]} c5
{[%clk 0:10:57]} 23. Na2 {[%clk 0:07:20]} c4 {[%clk 0:09:38]} 24. Rdd1
{[%clk 0:07:29]} Qg5 {[%clk 0:08:29]} 25. Nc3 {[%clk 0:07:10]} Rg6
{[%clk 0:08:37]} 26. g3 {[%clk 0:07:06]} h5 {[%clk 0:08:40]} 27. h4
{[%clk 0:05:07]} Qg4 {[%clk 0:07:33]} 28. Kh2 {[%clk 0:04:30]} Rf6
{[%clk 0:07:26]} 29. Rf1 {[%clk 0:04:05]} g5 {[%clk 0:07:01]} 30. hxg5
{[%clk 0:01:47]} Rf3 {[%clk 0:07:10]} 31. Rg1 {[%clk 0:01:32]} h4
{[%clk 0:06:08]} 32. Rg2 {[%clk 0:01:41]} Kg7 {[%clk 0:05:31]} 33. Rh1
{[%clk 0:01:39]} Rh8 {[%clk 0:03:35]} 34. Kg1 {[%clk 0:01:40]} h3
{[%clk 0:03:04]} 35. Rgh2 {[%clk 0:01:49]} Nf5 {[%clk 0:03:00]} 36. Ne2
{[%clk 0:01:39]} b5 {[%clk 0:02:43]} 37. Qd1 {[%clk 0:01:44]} Nxe3
{[%clk 0:02:04]} 38. fxe3 {[%clk 0:01:43]} Rxg3+ {[%clk 0:02:13]} 39. Kf1
{[%clk 0:01:43]} Rg2 {[%clk 0:02:16]} 40. Ke1 {[%clk 0:01:27]} Qf3
{[%clk 0:00:50]} 41. Kd2 {[%clk 0:01:22]} Rh4 {[%clk 0:00:53]} 42. Qf1
{[%clk 0:00:57]} Qxf1 {[%clk 0:00:49]} 43. Rxf1 {[%clk 0:00:39]} Rxh2
{[%clk 0:00:57]} 0-1

[Event "Russian Rapid Championship (m)"]
[Site "Sochi"]
[Date "2022.10.15"]
[Round "5.2"]
[White "Tomashevsky, Evgeny"]
[Black "Shomoev, Anton"]
[Result "1-0"]
[BlackElo "2553"]
[WhiteElo "2631"]
[LiveChessVersion "1.4.8"]

1. d4 {[%clk 0:15:18]} Nf6 {[%clk 0:14:54]} 2. c4 {[%clk 0:15:23]} g6
{[%clk 0:15:02]} 3. Nc3 {[%clk 0:15:12]} d5 {[%clk 0:15:11]} 4. cxd5
{[%clk 0:14:06]} Nxd5 {[%clk 0:15:19]} 5. e4 {[%clk 0:14:14]} Nxc3
{[%clk 0:15:28]} 6. bxc3 {[%clk 0:14:23]} Bg7 {[%clk 0:15:36]} 7. Nf3
{[%clk 0:14:31]} c5 {[%clk 0:15:45]} 8. Bb5+ {[%clk 0:14:39]} Nc6
{[%clk 0:15:53]} 9. O-O {[%clk 0:14:44]} O-O {[%clk 0:16:00]} 10. Bxc6
{[%clk 0:14:28]} bxc6 {[%clk 0:16:09]} 11. Qc2 {[%clk 0:14:36]} Qa5
{[%clk 0:15:35]} 12. Rb1 {[%clk 0:11:52]} Ba6 {[%clk 0:14:56]} 13. Re1
{[%clk 0:11:16]} Bc4 {[%clk 0:14:37]} 14. Ne5 {[%clk 0:10:54]} Bxe5
{[%clk 0:13:02]} 15. dxe5 {[%clk 0:11:03]} Rfb8 {[%clk 0:11:48]} 16. Bg5
{[%clk 0:10:18]} Kf8 {[%clk 0:09:22]} 17. Qd2 {[%clk 0:09:25]} Rxb1
{[%clk 0:05:36]} 18. Rxb1 {[%clk 0:09:33]} Rd8 {[%clk 0:05:38]} 19. Qe3
{[%clk 0:08:32]} Bxa2 {[%clk 0:04:45]} 20. Rc1 {[%clk 0:07:45]} Be6
{[%clk 0:03:51]} 21. h3 {[%clk 0:07:44]} c4 {[%clk 0:03:59]} 22. Qg3
{[%clk 0:07:07]} h5 {[%clk 0:03:22]} 23. Rb1 {[%clk 0:06:39]} Qc7
{[%clk 0:03:05]} 24. Be3 {[%clk 0:05:58]} Rb8 {[%clk 0:02:53]} 25. Ra1
{[%clk 0:05:21]} c5 {[%clk 0:02:57]} 26. f4 {[%clk 0:04:30]} Rd8 {[%clk 0:00:33]}
27. Qf2 {[%clk 0:02:57]} Rd3 {[%clk 0:00:24]} 28. Bxc5 {[%clk 0:03:04]} a5
{[%clk 0:00:31]} 29. Bd4 {[%clk 0:03:01]} Qb7 {[%clk 0:00:15]} 30. f5
{[%clk 0:02:53]} gxf5 {[%clk 0:00:20]} 31. exf5 {[%clk 0:03:01]} Bd5
{[%clk 0:00:29]} 32. Rxa5 {[%clk 0:01:46]} Rd1+ {[%clk 0:00:16]} 33. Kh2
{[%clk 0:01:55]} Rb1 {[%clk 0:00:24]} 34. Ra2 {[%clk 0:01:30]} Qb3
{[%clk 0:00:22]} 35. Qd2 {[%clk 0:01:02]} Qd1 {[%clk 0:00:12]} 36. Qxd1
{[%clk 0:00:29]} Rxd1 {[%clk 0:00:20]} 37. Kg3 {[%clk 0:00:38]} Rf1
{[%clk 0:00:19]} 38. f6 {[%clk 0:00:23]} exf6 {[%clk 0:00:27]} 39. exf6
{[%clk 0:00:33]} Kg8 {[%clk 0:00:13]} 40. Kh4 {[%clk 0:00:41]} Rf5
{[%clk 0:00:13]} 41. g4 {[%clk 0:00:17]} hxg4 {[%clk 0:00:20]} 42. hxg4
{[%clk 0:00:26]} Rf1 {[%clk 0:00:16]} 43. Kg5 {[%clk 0:00:30]} Be6
{[%clk 0:00:12]} 44. Re2 {[%clk 0:00:34]} Rf3 {[%clk 0:00:11]} 45. Re4
{[%clk 0:00:27]} Rg3 {[%clk 0:00:13]} 46. Be5 {[%clk 0:00:25]} Rg1
{[%clk 0:00:21]} 47. Bd4 {[%clk 0:00:26]} Kh7 {[%clk 0:00:29]} 48. Bxg1
{[%clk 0:00:34]} 1-0

[Event "Russian Rapid Championship (m)"]
[Site "Sochi"]
[Date "2022.10.15"]
[Round "5.3"]
[White "Iljiushenok, Ilia"]
[Black "Grachev, Boris"]
[Result "1/2-1/2"]
[BlackElo "2612"]
[WhiteElo "2467"]
[LiveChessVersion "1.4.8"]

1. e4 {[%clk 0:15:17]} c5 {[%clk 0:15:20]} 2. Nf3 {[%clk 0:15:25]} e6
{[%clk 0:15:27]} 3. d4 {[%clk 0:15:34]} cxd4 {[%clk 0:15:36]} 4. Nxd4
{[%clk 0:15:43]} Nf6 {[%clk 0:15:45]} 5. Nc3 {[%clk 0:15:52]} Nc6
{[%clk 0:15:54]} 6. Nxc6 {[%clk 0:15:57]} bxc6 {[%clk 0:16:03]} 7. e5
{[%clk 0:16:05]} Nd5 {[%clk 0:16:11]} 8. Ne4 {[%clk 0:16:14]} Bb7
{[%clk 0:16:20]} 9. Be2 {[%clk 0:16:09]} c5 {[%clk 0:16:27]} 10. O-O
{[%clk 0:16:15]} Qc7 {[%clk 0:16:36]} 11. Nd6+ {[%clk 0:16:17]} Bxd6
{[%clk 0:16:44]} 12. exd6 {[%clk 0:16:24]} Qc6 {[%clk 0:16:53]} 13. f3
{[%clk 0:16:32]} c4 {[%clk 0:17:02]} 14. Qd4 {[%clk 0:16:33]} O-O
{[%clk 0:17:10]} 15. Bxc4 {[%clk 0:16:40]} Qxd6 {[%clk 0:17:09]} 16. b3
{[%clk 0:16:46]} Qb6 {[%clk 0:17:17]} 17. Qxb6 {[%clk 0:16:52]} Nxb6
{[%clk 0:17:21]} 18. Bd3 {[%clk 0:16:49]} a5 {[%clk 0:17:14]} 19. Bd2
{[%clk 0:16:53]} Rfc8 {[%clk 0:17:03]} 20. Rfc1 {[%clk 0:16:40]} d5
{[%clk 0:16:57]} 21. Be3 {[%clk 0:15:12]} Nd7 {[%clk 0:17:03]} 22. c4
{[%clk 0:15:18]} Ne5 {[%clk 0:16:56]} 23. Bf1 {[%clk 0:14:51]} dxc4
{[%clk 0:17:04]} 24. bxc4 {[%clk 0:14:58]} Ba6 {[%clk 0:16:09]} 25. c5
{[%clk 0:15:04]} Bxf1 {[%clk 0:16:09]} 26. Kxf1 {[%clk 0:15:13]} f6
{[%clk 0:16:07]} 27. Rab1 {[%clk 0:15:04]} Nd3 {[%clk 0:16:04]} 28. Rc4
{[%clk 0:14:23]} Nb4 {[%clk 0:15:18]} 29. a3 {[%clk 0:14:22]} Nd5
{[%clk 0:14:17]} 30. Bd2 {[%clk 0:12:55]} Rc7 {[%clk 0:12:56]} 31. a4
{[%clk 0:12:05]} Ne7 {[%clk 0:12:50]} 32. Rb5 {[%clk 0:11:23]} Nc6
{[%clk 0:12:57]} 33. Bc3 {[%clk 0:10:50]} Kf7 {[%clk 0:12:04]} 34. f4
{[%clk 0:10:33]} h5 {[%clk 0:11:36]} 35. Re4 {[%clk 0:10:00]} Rd7
{[%clk 0:10:22]} 36. Ke2 {[%clk 0:09:17]} Rc8 {[%clk 0:08:58]} 37. Ke3
{[%clk 0:07:28]} Ra8 {[%clk 0:06:38]} 38. Ke2 {[%clk 0:06:01]} Rc8
{[%clk 0:06:24]} 39. Ke3 {[%clk 0:06:10]} Ra8 {[%clk 0:06:33]} 40. Ke2
{[%clk 0:05:24]} 1/2-1/2